[Event "TCh-CHN 2016"]
[Site "China CHN"]
[Date "2016.10.31"]
[Round "17.6"]
[Board "3"]
[White "Liu, Yan"]
[Black "Zhao, Chenxi"]
[Result "1/2-1/2"]
[WhiteTitle "FM"]
[WhiteElo "2413"]
[BlackElo "2035"]
[WhiteTeam "Chongqing"]
[BlackTeam "Shenzhen"]
[WhiteFideId "8608962"]
[BlackFideId "8611513"]
[EventDate "2016.04.12"]

1. Nf3 Nf6 2. d4 e6 3. g3 d5 4. Bg2 Be7 5. O-O O-O 6. c4 b6 7. Qc2 Bb7 8. Rd1
Nbd7 9. cxd5 exd5 10. Bf4 Bd6 11. Bxd6 cxd6 12. Nfd2 Qe7 13. Nc3 Rac8 14. Qf5
Rfe8 15. e3 g6 16. Qf4 a6 17. Rac1 Rc7 18. a4 Rec8 19. Ra1 Nf8 20. Qh4 Re8 21.
g4 Ne4 22. Qxe7 Rexe7 23. Ra3 f5 24. gxf5 gxf5 25. Rb3 Nd7 26. Bh3 Rf7 27. f3
Ng5 28. Bg2 f4 29. Ne2 fxe3 30. Rxe3 Nf8 31. h4 Nge6 32. Rb3 Nf4 33. Nxf4 Rxf4
34. Nf1 Bc6 35. Rxb6 Bxa4 36. Rd2 Rc6 37. Rb8 Rc2 38. Rxc2 Bxc2 39. Ne3 Bg6 40.
Nxd5 Rxd4 41. f4 Kg7 42. h5 Bxh5 43. f5 Bf7 44. Rb7 h6 45. Kf2 Rd2+ 46. Kg3 Nh7
47. Bf3 Ng5 48. Bh1 Rd1 49. Bg2 Rd3+ 50. Kf4 Rd2 51. Kg3 Rd3+ 52. Kf4 Rd2 53.
Kg3 1/2-1/2

[Event "TCh-CHN 2016"]
[Site "China CHN"]
[Date "2016.10.31"]
[Round "17.6"]
[Board "4"]
[White "Du, Yuxin"]
[Black "Tan, Zhongyi"]
[Result "0-1"]
[BlackTitle "WGM"]
[WhiteElo "2074"]
[BlackElo "2518"]
[WhiteTeam "Shenzhen"]
[BlackTeam "Chongqing"]
[WhiteFideId "8610282"]
[BlackFideId "8603642"]
[EventDate "2016.04.12"]

1. e4 c5 2. Nf3 Nc6 3. Bb5 d6 4. d4 cxd4 5. Qxd4 Bd7 6. Bxc6 Bxc6 7. Nc3 Nf6 8.
Bg5 e6 9. O-O-O Be7 10. Qd3 Qa5 11. h4 h6 12. Bd2 e5 13. Kb1 Qa6 14. Qxa6 bxa6
15. Rhe1 O-O 16. Bc1 Rfc8 17. Re2 Rab8 18. Ka1 Rb7 19. g3 Bd7 20. Nh2 Rc6 21. f3
Bd8 22. Nf1 Ba5 23. Nd5 Nxd5 24. Rxd5 Bb6 25. Rd1 f5 26. exf5 Bxf5 27. c3 e4 28.
Bf4 exf3 29. Red2 Re7 30. Bxd6 Re2 31. Bf4 Rce6 32. b3 f2 33. Kb2 Re1 0-1

[Event "TCh-CHN 2016"]
[Site "China CHN"]
[Date "2016.10.31"]
[Round "17.6"]
[Board "5"]
[White "Xu, Yuze"]
[Black "Lei, Tingjie"]
[Result "0-1"]
[BlackTitle "WGM"]
[WhiteElo "1812"]
[BlackElo "2504"]
[WhiteTeam "Shenzhen"]
[BlackTeam "Chongqing"]
[WhiteFideId "8614466"]
[BlackFideId "8605114"]
[EventDate "2016.04.12"]

1. e4 c5 2. c3 d5 3. exd5 Qxd5 4. d4 Nc6 5. Nf3 Nf6 6. Na3 Bg4 7. Be2 cxd4 8.
Nb5 O-O-O 9. Nbxd4 e5 10. Nxc6 Qxc6 11. Qc2 Bc5 12. O-O Qe4 13. Qxe4 Nxe4 14.
Be3 Bxe3 15. fxe3 f6 16. Rfd1 Be6 17. Bd3 Nd6 18. e4 Rd7 19. b3 Rhd8 20. Re1 Kb8
21. Rac1 Rc7 22. c4 b6 23. Rcd1 Rcd7 24. Bf1 Bf7 25. Rd3 Kc7 26. g3 Nb7 27.
Rxd7+ Rxd7 28. Kf2 Nc5 29. Ke3 a5 30. Nd2 Bg6 31. Be2 Rd4 32. Bf3 Nd3 33. Rb1
Nc5 34. Re1 Rd3+ 35. Ke2 Rc3 36. Kd1 Ne6 37. Bg4 Nd4 38. Nb1 Rc2 39. Na3 Rxa2
40. Nb5+ Nxb5 41. cxb5 Ra1+ 42. Kd2 Rxe1 43. Kxe1 Bxe4 44. Kd2 Kd6 45. Kc3 Kc5
46. Bd7 f5 47. Be8 f4 48. gxf4 exf4 49. Bh5 f3 50. Kd2 Kd4 51. Bg4 g6 52. h4 h5
53. Bh3 Bd3 0-1

[Event "TCh-CHN 2016"]
[Site "China CHN"]
[Date "2016.11.01"]
[Round "18.1"]
[Board "1"]
[White "Ganguly, Surya Shekhar"]
[Black "Wang, Chen"]
[Result "1-0"]
[WhiteTitle "GM"]
[BlackTitle "IM"]
[WhiteElo "2672"]
[BlackElo "2514"]
[WhiteTeam "Guangdong"]
[BlackTeam "Chongqing"]
[WhiteFideId "5002150"]
[BlackFideId "8601020"]
[EventDate "2016.04.12"]

1. e4 Nf6 2. e5 Nd5 3. d4 d6 4. c4 Nb6 5. exd6 exd6 6. Nc3 Be7 7. h3 O-O 8. Bd3
Re8 9. Nge2 Bg5 10. O-O Bxc1 11. Rxc1 N6d7 12. Qd2 Nf8 13. f4 Nbd7 14. f5 Nf6
15. Nf4 c6 16. Qf2 h6 17. g4 a6 18. Rfe1 Bd7 19. Rxe8 Bxe8 20. Kh1 b5 21. Rg1 d5
22. c5 Ra7 23. h4 g5 24. fxg6 fxg6 25. g5 hxg5 26. Rxg5 N6h7 27. Rg2 Rg7 28. Rg5
Ra7 29. Rg2 Rg7 30. Nce2 Qf6 31. Nh3 Qxf2 32. Nxf2 Nf6 33. Nf4 Rh7 34. Rh2 Re7
35. Kg2 Ne6 36. Nxe6 Rxe6 37. Kf3 Kg7 38. Kg2 Kg8 39. Kf3 Kg7 40. Rh1 Bf7 41.
Rg1 Re8 42. Nd1 Ne4 43. Ne3 Be6 44. Bxe4 dxe4+ 45. Kf4 Kf6 46. Rf1 Bf5 47. h5
Rh8 48. Nxf5 gxf5 49. Rh1 Re8 50. h6 e3 51. Kf3 Kg6 52. h7 e2 53. Kf2 1-0

[Event "TCh-CHN 2016"]
[Site "China CHN"]
[Date "2016.11.01"]
[Round "18.1"]
[Board "2"]
[White "Zeng, Chongsheng"]
[Black "Liu, Yan"]
[Result "1/2-1/2"]
[WhiteTitle "GM"]
[BlackTitle "FM"]
[WhiteElo "2549"]
[BlackElo "2413"]
[WhiteTeam "Guangdong"]
[BlackTeam "Chongqing"]
[WhiteFideId "8603847"]
[BlackFideId "8608962"]
[EventDate "2016.04.12"]

1. d4 Nf6 2. c4 e6 3. Nf3 Bb4+ 4. Nbd2 O-O 5. a3 Bxd2+ 6. Qxd2 Qe7 7. e3 d6 8.
Be2 e5 9. O-O Bg4 10. h3 Bh5 11. d5 a5 12. b3 Nbd7 13. Bb2 Ne4 14. Qc2 Bg6 15.
Qd1 f5 16. b4 b6 17. Qc2 f4 18. Bd3 Ng5 19. Nxg5 Bxd3 20. Qxd3 Qxg5 21. exf4
Qxf4 22. Bc1 Qf5 23. Qxf5 Rxf5 24. Bd2 axb4 25. axb4 Rff8 26. Rfc1 Nf6 27. b5
Kf7 28. f3 h6 29. g4 Ke7 30. Kg2 Nd7 31. Be3 Nc5 32. Bxc5 dxc5 33. Rxa8 Rxa8 34.
Re1 Ra2+ 35. Kg3 Kf6 36. f4 Ra3+ 37. Kg2 exf4 38. Re6+ Kg5 39. Re5+ Kg6 40. Rf5 1/2-1/2

[Event "TCh-CHN 2016"]
[Site "China CHN"]
[Date "2016.11.01"]
[Round "18.1"]
[Board "3"]
[White "Xu, Yinglun"]
[Black "Zhou, Weiqi"]
[Result "1-0"]
[BlackTitle "GM"]
[WhiteElo "2523"]
[BlackElo "2635"]
[WhiteTeam "Guangdong"]
[BlackTeam "Chongqing"]
[WhiteFideId "8604940"]
[BlackFideId "8601674"]
[EventDate "2016.04.12"]

1. d4 Nf6 2. c4 e6 3. Nf3 b6 4. g3 Bb4+ 5. Nbd2 Bb7 6. Bg2 c5 7. a3 Bxd2+ 8.
Qxd2 cxd4 9. Qxd4 Nc6 10. Qh4 Ne5 11. Nxe5 Bxg2 12. Rg1 Bb7 13. Bg5 Qc7 14. Bxf6
gxf6 15. Qxf6 Rf8 16. Rc1 Rc8 17. Nd3 Be4 18. Kd2 Bxd3 19. exd3 Qd6 20. Rge1 Rg8
21. Re4 Rc5 22. Qh6 Qf8 23. Qxf8+ Kxf8 24. d4 Rh5 25. h4 Ke7 26. d5 Rf5 27. Ke3
h5 28. Rd1 Rg4 29. Rxg4 hxg4 30. Rd4 Rf3+ 31. Ke2 Rb3 32. Rxg4 Rxb2+ 33. Kf1
exd5 34. h5 f5 35. h6 fxg4 36. h7 dxc4 37. h8=Q Rb5 38. Qg7+ 1-0

[Event "TCh-CHN 2016"]
[Site "China CHN"]
[Date "2016.11.01"]
[Round "18.1"]
[Board "4"]
[White "Tan, Zhongyi"]
[Black "Li, Xueyi"]
[Result "1-0"]
[WhiteTitle "WGM"]
[WhiteElo "2518"]
[BlackElo "2112"]
[WhiteTeam "Chongqing"]
[BlackTeam "Guangdong"]
[WhiteFideId "8603642"]
[BlackFideId "8605912"]
[EventDate "2016.04.12"]

1. c4 e6 2. d4 d5 3. Nc3 Bb4 4. cxd5 exd5 5. Bf4 c6 6. e3 Ne7 7. Bd3 Ng6 8. Bg3
Bd6 9. Nf3 Bg4 10. Qb3 Bxg3 11. hxg3 Bxf3 12. gxf3 Qb6 13. Qa3 Nd7 14. b4 O-O
15. b5 Rfe8 16. Kf1 Ndf8 17. Kg2 Red8 18. Rab1 cxb5 19. Rxb5 Qc6 20. Rh5 b6 21.
Nxd5 Rac8 22. Qxa7 Qc1 23. Bxg6 Nxg6 24. Ne7+ Nxe7 25. Qxe7 Re8 26. Qh4 Qc2 27.
e4 h6 28. Rxb6 Rc6 29. Rxc6 Qxc6 30. Qf4 Qc2 31. Ra5 1-0

[Event "TCh-CHN 2016"]
[Site "China CHN"]
[Date "2016.11.01"]
[Round "18.1"]
[Board "5"]
[White "Lei, Tingjie"]
[Black "Padmini, Rout"]
[Result "1/2-1/2"]
[WhiteTitle "WGM"]
[BlackTitle "IM"]
[WhiteElo "2504"]
[BlackElo "2408"]
[WhiteTeam "Chongqing"]
[BlackTeam "Guangdong"]
[WhiteFideId "8605114"]
[BlackFideId "5029295"]
[EventDate "2016.04.12"]

1. c4 e5 2. Nc3 Nf6 3. Nf3 Nc6 4. e3 Bb4 5. Qc2 Bxc3 6. Qxc3 Qe7 7. a3 d5 8. d4
exd4 9. Nxd4 Nxd4 10. Qxd4 O-O 11. Qh4 Be6 12. Bd3 Rfe8 13. cxd5 Bxd5 14. f3
Rad8 15. Be2 Bb3 16. O-O Nd5 17. Qxe7 Nxe7 18. e4 Nc6 19. Bf4 Nd4 20. Rf2 c5 21.
Bf1 b5 22. Rc1 c4 23. Rd2 f6 24. Kf2 Nc6 25. Be2 Ne5 26. g3 Rxd2 27. Bxd2 Rd8
28. Ke3 Nd3 29. Bxd3 Rxd3+ 30. Ke2 Kf7 31. Re1 Rd7 32. Bc3 h5 33. Kf2 Ke6 34. f4
Bc2 35. f5+ Kf7 36. Ke3 Rd3+ 37. Kf4 Rd1 38. Rxd1 Bxd1 39. e5 fxe5+ 40. Kxe5 Bg4
41. Ba5 a6 42. Bc3 Bh3 43. Kf4 Bg4 44. Kg5 Bh3 45. f6 g6 46. Kf4 Bg2 47. Ke5 Bc6
48. Ba5 Be8 49. h4 Bd7 50. Bd8 Bg4 51. Kd6 a5 52. Bxa5 Kxf6 53. Kc6 Ke7 54. Kxb5
Be2 55. Kc6 Bd1 56. Bb6 Bb3 57. Bc7 Ke8 58. Bf4 Kd8 59. Kb5 Kc8 60. a4 Kb7 61.
a5 Ka8 62. Kb6 Bc2 63. Kc5 Bd3 64. Kd4 Bf1 65. Be3 Be2 66. Kc3 Bf1 67. a6 Be2
68. Bb6 Bf1 69. Bd4 Be2 70. Kd2 Bf1 71. Ke3 Kb8 72. Kf2 Bd3 73. Ke3 Bf1 74. Kf2
Bd3 75. Ke3 Bf1 1/2-1/2

[Event "TCh-CHN 2016"]
[Site "China CHN"]
[Date "2016.11.01"]
[Round "18.2"]
[Board "1"]
[White "Lin, Yi"]
[Black "Xu, Yi"]
[Result "1/2-1/2"]
[BlackTitle "FM"]
[WhiteElo "2276"]
[BlackElo "2386"]
[WhiteTeam "Shenzhen"]
[BlackTeam "Shanghai"]
[WhiteFideId "8602735"]
[BlackFideId "8605564"]
[EventDate "2016.04.12"]

1. d4 Nf6 2. c4 e6 3. g3 d5 4. Bg2 Be7 5. Nf3 O-O 6. Nc3 dxc4 7. Ne5 Nc6 8. Bxc6
bxc6 9. Nxc6 Qe8 10. Nxe7+ Qxe7 11. Qa4 c5 12. dxc5 Qxc5 13. Be3 Qh5 14. Qxc4
Bb7 15. O-O Ng4 16. h4 Nxe3 17. fxe3 Qe5 18. Qf4 Qc5 19. Rad1 f5 20. Qd4 Qc6 21.
e4 fxe4 22. Rxf8+ Rxf8 23. Qd6 Qc8 24. Rf1 Rf5 25. g4 Rxf1+ 26. Kxf1 h6 27. Kf2
Kh7 28. h5 Bc6 29. Ke3 Qb7 30. b3 Qb6+ 31. Qd4 Qa5 1/2-1/2

[Event "TCh-CHN 2016"]
[Site "China CHN"]
[Date "2016.11.01"]
[Round "18.2"]
[Board "2"]
[White "Yu, Kaifeng"]
[Black "Zhou, Jianchao"]
[Result "0-1"]
[WhiteTitle "FM"]
[BlackTitle "GM"]
[WhiteElo "2220"]
[BlackElo "2612"]
[WhiteTeam "Shenzhen"]
[BlackTeam "Shanghai"]
[WhiteFideId "8609667"]
[BlackFideId "8603537"]
[EventDate "2016.04.12"]

1. d4 Nf6 2. c4 g6 3. Nc3 Bg7 4. e4 d6 5. f3 O-O 6. Be3 c5 7. Nge2 Qa5 8. d5 b5
9. cxb5 a6 10. Nc1 Nxe4 11. fxe4 Bxc3+ 12. Bd2 Bxd2+ 13. Qxd2 axb5 14. Qxa5 Rxa5
15. Bd3 Nd7 16. Kd2 Ne5 17. b4 cxb4 18. Nb3 Ra3 19. Bxb5 Bd7 20. Bxd7 Nxd7 21.
Rhb1 Rfa8 22. Nc1 R8a4 23. Rb3 Nc5 24. Rxa3 Rxa3 25. Rb1 Nxe4+ 26. Kc2 Rc3+ 27.
Kd1 Rc4 28. Ne2 Nf6 29. Rc1 Rxc1+ 30. Nxc1 Nxd5 31. Kc2 Kf8 32. Kb3 Ke8 0-1

[Event "TCh-CHN 2016"]
[Site "China CHN"]
[Date "2016.11.01"]
[Round "18.2"]
[Board "3"]
[White "Zhao, Chenxi"]
[Black "Lou, Yiping"]
[Result "1/2-1/2"]
[BlackTitle "IM"]
[WhiteElo "2035"]
[BlackElo "2450"]
[WhiteTeam "Shenzhen"]
[BlackTeam "Shanghai"]
[WhiteFideId "8611513"]
[BlackFideId "8603928"]
[EventDate "2016.04.12"]

1. e4 c6 2. Nc3 d5 3. g3 d4 4. Nce2 e5 5. d3 Bd6 6. Bg2 c5 7. f4 Nc6 8. Nf3 Nf6
9. O-O O-O 10. f5 b5 11. a4 Ba6 12. axb5 Bxb5 13. b3 a5 14. Nd2 a4 15. bxa4 Bxa4
16. Nc4 Ra6 17. Bd2 Nb4 18. Bxb4 cxb4 19. Nc1 Bb5 20. Rxa6 Bxa6 21. Nb3 Qc7 22.
Nbd2 Be7 23. Qe2 Nd7 24. h4 Ra8 25. Ra1 Qb8 26. Qd1 Bb5 27. Bf1 Ra4 28. Rxa4
Bxa4 29. Nb2 Bc6 30. Nbc4 Ba4 31. Nb2 Bc6 32. Qa1 Qa8 33. Qxa8+ Bxa8 34. Kf2 Bc6
35. Ke1 Nc5 36. Kd1 g6 37. fxg6 hxg6 38. Ndc4 f6 39. Bh3 Kf7 40. Nb6 Bf8 41. Bg4
b3 1/2-1/2

[Event "TCh-CHN 2016"]
[Site "China CHN"]
[Date "2016.11.01"]
[Round "18.2"]
[Board "5"]
[White "Zhang, Xiaowen"]
[Black "Xu, Yuze"]
[Result "1/2-1/2"]
[WhiteTitle "WGM"]
[WhiteElo "2374"]
[BlackElo "1812"]
[WhiteTeam "Shanghai"]
[BlackTeam "Shenzhen"]
[WhiteFideId "8603219"]
[BlackFideId "8614466"]
[EventDate "2016.04.12"]

1. e4 c5 2. Nf3 Nc6 3. d4 cxd4 4. Nxd4 g6 5. c4 Nf6 6. Nc3 Nxd4 7. Qxd4 d6 8.
Be3 Bg7 9. f3 O-O 10. Qd2 a5 11. Be2 a4 12. O-O Be6 13. b4 axb3 14. axb3 Nd7 15.
Rfd1 Nc5 16. Rxa8 Qxa8 17. b4 Na4 18. Nb5 Rc8 19. Rc1 Nb2 20. c5 dxc5 21. Bxc5
Rd8 22. Qe3 Rd7 23. e5 Nc4 24. Bxc4 Bxc4 25. Nd4 Qa6 26. b5 Bxb5 27. e6 Rxd4 28.
exf7+ Kxf7 29. Qxe7+ Kg8 30. Bxd4 Bxd4+ 31. Kh1 Bc6 32. Qd8+ Kf7 33. Qxd4 Qe2
34. h3 Qe6 35. Qh4 h5 36. Re1 Qf6 37. Qc4+ Kg7 38. Qc5 Kf7 39. Qc4+ Kg7 40. Re6
Qd8 41. Qc2 Qg5 42. Qc3+ Kf7 43. Re1 Qf6 44. Qc4+ 1/2-1/2

[Event "TCh-CHN 2016"]
[Site "China CHN"]
[Date "2016.11.01"]
[Round "18.3"]
[Board "1"]
[White "Ma, Qun"]
[Black "Yu, Yangyi"]
[Result "1/2-1/2"]
[WhiteTitle "GM"]
[BlackTitle "GM"]
[WhiteElo "2613"]
[BlackElo "2738"]
[WhiteTeam "Hangzhou"]
[BlackTeam "Beijing"]
[WhiteFideId "8603154"]
[BlackFideId "8603820"]
[EventDate "2016.04.12"]

1. e4 c5 2. Nf3 d6 3. Bb5+ Nd7 4. d4 cxd4 5. Qxd4 a6 6. Bxd7+ Bxd7 7. c4 Bg4 8.
Nc3 e6 9. Qd3 Bxf3 10. Qxf3 Qc7 11. b3 Nf6 12. O-O Be7 13. Qg3 Qc6 14. Re1 O-O
15. Bh6 Ne8 16. Rac1 Bf6 17. Bf4 Rc8 18. h3 Bd4 19. e5 dxe5 20. Bxe5 Bxe5 21.
Qxe5 Nf6 22. Ne4 Nxe4 23. Rxe4 Qc7 24. Qxc7 Rxc7 25. Rd1 Rfc8 26. Red4 Kf8 27.
a4 Rc6 28. Kf1 R8c7 29. Ke2 Ke7 30. R1d3 Rc5 1/2-1/2

[Event "TCh-CHN 2016"]
[Site "China CHN"]
[Date "2016.11.01"]
[Round "18.3"]
[Board "2"]
[White "Bai, Jinshi"]
[Black "Fang, Yan"]
[Result "1-0"]
[WhiteTitle "GM"]
[WhiteElo "2564"]
[BlackElo "2364"]
[WhiteTeam "Hangzhou"]
[BlackTeam "Beijing"]
[WhiteFideId "8602280"]
[BlackFideId "8604746"]
[EventDate "2016.04.12"]

1. d4 Nf6 2. c4 d6 3. Nc3 Nbd7 4. Nf3 e5 5. e4 Be7 6. Be2 O-O 7. O-O c6 8. Qc2
Qc7 9. Rd1 Re8 10. h3 exd4 11. Nxd4 Bf8 12. b4 a5 13. b5 Nc5 14. Bf3 Nfd7 15.
Bf4 Ne5 16. Be2 Bd7 17. Bg3 f6 18. Rd2 Rac8 19. Rad1 g6 20. f4 Nf7 21. Bf3 Ne6
22. Qb2 Nxd4 23. Rxd4 f5 24. c5 d5 25. Kh2 Bxc5 26. Rxd5 Bd6 27. e5 cxd5 28.
Nxd5 Qc2 29. Nf6+ Kf8 30. Qxc2 Rxc2 31. Nxd7+ Ke7 32. Nf6 Rd8 33. Nd5+ Kf8 34.
exd6 Rxd6 35. a4 Rc4 36. Bf2 g5 37. Nb6 Rc2 38. Rxd6 Nxd6 39. Bc5 Ke7 40. Nc8+
Kd7 41. Nxd6 Rxc5 42. Nxb7 1-0

[Event "TCh-CHN 2016"]
[Site "China CHN"]
[Date "2016.11.01"]
[Round "18.3"]
[Board "3"]
[White "Gao, Rui"]
[Black "Zhang, Zhong"]
[Result "1-0"]
[WhiteTitle "GM"]
[BlackTitle "GM"]
[WhiteElo "2552"]
[BlackElo "2634"]
[WhiteTeam "Hangzhou"]
[BlackTeam "Beijing"]
[WhiteFideId "8602387"]
[BlackFideId "8600694"]
[EventDate "2016.04.12"]

1. e4 e5 2. Nf3 Nc6 3. Bb5 a6 4. Ba4 Nf6 5. O-O Be7 6. Re1 b5 7. Bb3 d6 8. c3
O-O 9. h3 Nb8 10. d4 Nbd7 11. c4 c6 12. Nc3 b4 13. Nb1 c5 14. d5 g6 15. Ba4 Nh5
16. a3 a5 17. Bc6 Ra6 18. Bb5 Rb6 19. axb4 axb4 20. Bh6 Ng7 21. Nbd2 Nb8 22. Ra7
Rb7 23. Qa4 Qc7 24. Ra1 Bd8 25. Rxb7 Qxb7 26. Qa8 Bb6 27. Qxb7 Bxb7 28. Ne1 f6
29. f4 Rf7 30. fxe5 fxe5 31. Ndf3 Bd8 32. Nd3 Nh5 33. Kh2 Nd7 34. Bxd7 Rxd7 35.
Nfxe5 Rc7 36. Ng4 Be7 37. Ra7 g5 38. Ne3 Nf6 39. e5 dxe5 40. Bxg5 e4 41. Bf4 Bd8
42. Nxc5 1-0

[Event "TCh-CHN 2016"]
[Site "China CHN"]
[Date "2016.11.01"]
[Round "18.3"]
[Board "4"]
[White "Zhao, Xue"]
[Black "Dzagnidze, Nana"]
[Result "0-1"]
[WhiteTitle "GM"]
[BlackTitle "GM"]
[WhiteElo "2504"]
[BlackElo "2535"]
[WhiteTeam "Beijing"]
[BlackTeam "Hangzhou"]
[WhiteFideId "8601283"]
[BlackFideId "13601903"]
[EventDate "2016.04.12"]

1. d4 d5 2. Bf4 Nf6 3. e3 g6 4. c4 Bg7 5. Nc3 O-O 6. Rc1 c5 7. dxc5 Be6 8. Nf3
Nc6 9. Ng5 Bg4 10. f3 e5 11. Bg3 d4 12. Nb5 h6 13. fxg4 hxg5 14. exd4 exd4 15.
Bd3 Re8+ 16. Kf2 Nb4 17. Kg1 Qe7 18. a3 Nxd3 19. Qxd3 Nxg4 20. Nc7 Qe2 21. Rd1
Qxb2 22. Rd2 Qc1+ 23. Rd1 Qb2 24. Rd2 Qc1+ 25. Rd1 Qe3+ 26. Qxe3 dxe3 27. Nxe8
e2 28. Rd3 Rxe8 29. Be1 Bf8 30. Rd5 Nf6 31. Rxg5 Ne4 32. h4 Nxg5 33. hxg5 Bxc5+
34. Kh2 Bxa3 35. Kg3 Bb2 36. Kf3 b6 37. Bd2 a5 38. Rb1 Bd4 0-1

[Event "TCh-CHN 2016"]
[Site "China CHN"]
[Date "2016.11.01"]
[Round "18.3"]
[Board "5"]
[White "Wang, Jue"]
[Black "Gu, Tianlu"]
[Result "0-1"]
[WhiteTitle "WGM"]
[BlackTitle "WIM"]
[WhiteElo "2380"]
[BlackElo "2255"]
[WhiteTeam "Beijing"]
[BlackTeam "Hangzhou"]
[WhiteFideId "8604070"]
[BlackFideId "8603995"]
[EventDate "2016.04.12"]

1. e4 e5 2. Nf3 Nc6 3. Bb5 a6 4. Ba4 Nf6 5. O-O Bc5 6. c3 b5 7. Bb3 d6 8. d4 Bb6
9. Be3 O-O 10. Nbd2 h6 11. h3 Re8 12. Re1 Rb8 13. a3 Na5 14. Bc2 c5 15. dxc5
dxc5 16. b4 cxb4 17. axb4 Bxe3 18. Rxe3 Nc6 19. Nb3 Qc7 20. Nh4 Rd8 21. Qc1 Nh5
22. Nf5 Nf4 23. Kh2 g6 24. Nh4 Qe7 25. Nf3 Qf6 26. Nc5 Rb6 27. Bb3 Kg7 28. Ng1
Nb8 29. Rf3 Qe7 30. Qe3 Rbd6 31. Ne2 Ne6 32. Nc1 Ng5 33. Rg3 Qf6 34. N1d3 Nd7
35. h4 Nh7 36. h5 Nxc5 37. Nxc5 Qh4+ 38. Kg1 Qxh5 39. f4 Nf6 40. fxe5 Qxe5 41.
Rf1 Rf8 42. Re1 Ng4 43. Qf3 Rf6 44. Qd3 Rd8 45. Rxg4 Rxd3 46. Nxd3 Qxc3 47. e5
Rc6 48. e6 Qxb3 49. e7 Re6 50. Rge4 Rxe7 51. Rxe7 Qxd3 52. Kh1 Qd4 53. R1e4 Qd2
54. Kg1 Bf5 55. R4e5 Qxb4 56. Kh1 Qh4+ 57. Kg1 b4 58. Re3 Qd4 59. Kh1 b3 0-1

[Event "TCh-CHN 2016"]
[Site "China CHN"]
[Date "2016.11.01"]
[Round "18.4"]
[Board "1"]
[White "Li, Yankai"]
[Black "Lu, Shanglei"]
[Result "1/2-1/2"]
[BlackTitle "GM"]
[WhiteElo "2206"]
[BlackElo "2619"]
[WhiteTeam "Tianjing"]
[BlackTeam "Zhejiang"]
[WhiteFideId "8609357"]
[BlackFideId "8603332"]
[EventDate "2016.04.12"]

1. e4 c5 2. Nf3 d6 3. d4 cxd4 4. Nxd4 Nf6 5. Nc3 a6 6. Bg5 Nbd7 7. f4 e6 8. Qf3
h6 9. Bh4 Be7 10. O-O-O Qc7 11. Be2 Rg8 12. Qg3 g5 13. fxg5 Ne5 14. Nf3 Bd7 15.
Rhf1 hxg5 16. Nxg5 Qa5 17. Qf2 Rg6 18. Kb1 Rc8 19. Bh5 Nxh5 20. Nxf7 Qc5 21.
Bxe7 Qxf2 22. Nxd6+ Kxe7 23. Nxc8+ Bxc8 24. Rxf2 Bd7 25. g3 Ng4 26. Re2 Ne5 27.
Rf2 Ng4 28. Re2 Ne5 1/2-1/2

[Event "TCh-CHN 2016"]
[Site "China CHN"]
[Date "2016.11.01"]
[Round "18.4"]
[Board "3"]
[White "Wang, Yue"]
[Black "Xu, Minghui"]
[Result "1-0"]
[WhiteTitle "GM"]
[WhiteElo "2718"]
[BlackElo "2305"]
[WhiteTeam "Tianjing"]
[BlackTeam "Zhejiang"]
[WhiteFideId "8601429"]
[BlackFideId "8606790"]
[EventDate "2016.04.12"]

1. Nf3 Nf6 2. c4 c5 3. Nc3 Nc6 4. Nb1 Nb8 5. Nc3 Nc6 6. e3 g6 7. d4 cxd4 8. exd4
d5 9. cxd5 Nxd5 10. Qb3 e6 11. Bb5 Bg7 12. O-O O-O 13. Bxc6 bxc6 14. Na4 Ba6 15.
Re1 Nb6 16. Nc5 Bc4 17. Qc3 Bd5 18. Ne5 Qh4 19. f3 Nc4 20. g3 Qe7 21. Nxc4 Qxc5
22. dxc5 Bxc3 23. bxc3 Bxc4 24. Bf4 Rfd8 25. Bd6 Rd7 26. Reb1 f6 27. Kf2 Kf7 28.
Rb4 Bb5 29. Rc1 e5 30. c4 Ba6 31. Ke3 Ke6 32. Ke4 h5 33. Rcb1 Bc8 34. f4 f5+ 35.
Ke3 e4 36. Kd4 Ba6 37. R4b3 Kf6 38. h3 Ke6 39. Rg1 Rh8 40. Ra3 Bc8 41. Rb1 a6
42. Rab3 Rhh7 43. Rb8 Rb7 44. R1xb7 Bxb7 45. Kc3 Rd7 46. Kb4 Kf7 47. Ka5 1-0

[Event "TCh-CHN 2016"]
[Site "China CHN"]
[Date "2016.11.01"]
[Round "18.4"]
[Board "4"]
[White "Ding, Yixin"]
[Black "Khotenashvili, Bela"]
[Result "0-1"]
[WhiteTitle "WGM"]
[BlackTitle "GM"]
[WhiteElo "2426"]
[BlackElo "2493"]
[WhiteTeam "Zhejiang"]
[BlackTeam "Tianjing"]
[WhiteFideId "8602972"]
[BlackFideId "13602640"]
[EventDate "2016.04.12"]

1. e4 e5 2. Nf3 Nc6 3. Nc3 Nf6 4. d4 exd4 5. Nxd4 Bb4 6. Nxc6 bxc6 7. Bd3 O-O 8.
O-O Re8 9. Qf3 Rb8 10. Bg5 Bd6 11. Bxf6 Qxf6 12. Qxf6 gxf6 13. Rab1 Be5 14. Na4
d5 15. f3 a5 16. Kh1 h5 17. b3 h4 18. Rbe1 Kf8 19. c4 Rd8 20. Rd1 Bd4 21. cxd5
cxd5 22. Rc1 dxe4 23. Bxe4 Ba6 24. Rfd1 Be3 25. Rb1 Bd2 26. Nb2 Be2 27. Rg1 Rb5
28. Nc4 f5 29. Bc2 Rc5 30. Bd1 Bd3 31. Nxd2 Bxb1 32. Nxb1 Rc1 33. Be2 Rc2 34.
Bb5 f4 35. h3 Rxa2 36. Nc3 Rb2 37. Bc4 Rc2 38. Na4 Rdd2 39. Nc5 Kg7 40. Kh2 Kh6
41. Ne4 Rd7 42. Nf6 Rd4 43. Ng4+ Kg7 44. Ra1 Rdd2 45. Bf1 Ra2 46. Re1 Kf8 47.
Nf6 Rab2 48. Re8+ Kg7 49. Nh5+ Kh6 50. Nxf4 Rxb3 51. Ra8 Rxf3 52. Ra6+ Kg5 53.
Rxa5+ Kxf4 54. Bc4 Rff2 55. Bd5 f5 56. Kg1 Rfe2 57. Bf3 Ra2 58. Rb5 Reb2 59. Rc5
Rc2 60. Rb5 Rc1+ 61. Kh2 Raa1 62. Rb4+ Kg5 63. g3 Rc2+ 64. Bg2 Raa2 65. gxh4+ 0-1

[Event "TCh-CHN 2016"]
[Site "China CHN"]
[Date "2016.11.01"]
[Round "18.4"]
[Board "5"]
[White "Zhu, Jiner"]
[Black "Ni, Shiqun"]
[Result "0-1"]
[BlackTitle "WGM"]
[WhiteElo "2095"]
[BlackElo "2363"]
[WhiteTeam "Zhejiang"]
[BlackTeam "Tianjing"]
[WhiteFideId "8608059"]
[BlackFideId "8608466"]
[EventDate "2016.04.12"]

1. e4 e5 2. Nf3 Nf6 3. Nxe5 d6 4. Nf3 Nxe4 5. Nc3 Nxc3 6. dxc3 Be7 7. Be3 Nc6 8.
Qd2 Ne5 9. Be2 O-O 10. O-O-O Ng4 11. Bd3 Nxe3 12. Qxe3 Re8 13. Kb1 c6 14. h4 d5
15. Rde1 Bd7 16. Qf4 h6 17. g4 Qb8 18. Qd2 Bxg4 19. Rhg1 h5 20. Ne5 Bxh4 21.
Nxg4 Rxe1+ 22. Qxe1 hxg4 23. Rxg4 Qh2 24. Qd1 Qxf2 25. Qe2 Qxe2 26. Bxe2 Re8 27.
Rg2 f5 28. Kc1 g5 29. Kd2 Kg7 30. Kc1 Kg8 31. Kd2 Kg7 32. Rg1 Kf6 33. Rh1 Rh8
34. Rf1 Ke5 35. Bd3 Rf8 36. Be2 Rf6 37. Rh1 Rh6 38. Rg1 g4 39. Rg2 Bg5+ 40. Ke1
Rh1+ 41. Bf1 Bh4+ 42. Ke2 b5 43. b3 a5 0-1